000 01609cas a22004334i 4500
003 PE-LiUPU
005 20250731183429.0
008 150706s2004 sp tr p 000 0 spa d
022 _a1698-8671
035 _a(Sirsi) a50270
040 _aPE-LiUPU
_bspa
_cPE-LiUPU
_erda
049 _aPRUA
082 0 4 _a727.05
_bARQ 2009
_221
130 0 _aTemas de arquitectura (Valencia).
245 0 1 _aTemas de arquitectura :
_bArquitectura escolar 4 /
_cEditor: General de ediciones de Arquitectura; edición a cargo de Agustín Malonda Alberto.
264 1 _aValencia :
_bGeneral de Ediciones de Arquitectura,
_c[2004].
300 _avolúmenes
_c29cm.
310 _aCuatrimestral
336 _atext
_2rdacontent
337 _aunmediated
_2rdamedia
338 _avolume
_2rdacarrier
362 0 _aN°8-2009-Año 04-
362 0 _aN°14-2012-Año 07-
526 _aP158
526 _aP146
526 _aP17
526 _aP12
526 _aP06
650 1 4 _aArquitectura.
_94555
700 1 _aMiguel Rubio, José,
_edir.
700 1 _aMalonda Albero, Agustín,
_eed.
910 _agl
942 _2ddc
_cMAGAZINE
949 _a727.05 ARQ 4 2009
_wDEWEY
_c1
_i63799
_lCCODEBUL1
_mBUL
_p52.00
_r0
_sY
_tLIBRO
_u2015-07-06
_xINGENIERIA
_o.STAFF. Colección General
949 _a727.1 ARQ 4 2009
_wDEWEY
_c2
_i66337
_lCCODEBUL1
_mBUL
_p42.00
_r0
_sY
_tLIBRO
_u2015-07-06
_xINGENIERIA
_o.STAFF. Colección General
980 _81
_gALBERTO SANCHEZ Responsable de Automatización
999 _c52690
_d52690